Popes Rape Of The Lock (Record no. 1210385)

MARC details
000 -LEADER
fixed length control field 00480nam a2200193Ia 4500
008 - FIXED-LENGTH DATA ELEMENTS--GENERAL INFORMATION
fixed length control field 151121s9999||||xx |||||||||||||| ||und||
082 ## - DEWEY DECIMAL CLASSIFICATION NUMBER
Classification number 821/HOL
082 ## - DEWEY DECIMAL CLASSIFICATION NUMBER
Item number HNW-1161
100 ## - MAIN ENTRY--PERSONAL NAME
Personal name Holden George
245 ## - TITLE STATEMENT
Title Popes Rape Of The Lock
260 ## - PUBLICATION, DISTRIBUTION, ETC. (IMPRINT)
Name of publisher, distributor, etc Oxford At The Clarendon Press।
260 ## - PUBLICATION, DISTRIBUTION, ETC. (IMPRINT)
Date of publication, distribution, etc --
300 ## - PHYSICAL DESCRIPTION
Extent 102
600 ## - SUBJECT ADDED ENTRY--PERSONAL NAME
Personal name Holden George
630 ## - SUBJECT ADDED ENTRY--UNIFORM TITLE
Uniform title Popes Rape Of The Lock
700 ## - ADDED ENTRY--PERSONAL NAME
Personal name Holden George
730 ## - ADDED ENTRY--UNIFORM TITLE
Uniform title Popes Rape Of The Lock
942 ## - ADDED ENTRY ELEMENTS (KOHA)
Koha item type Book
Holdings
Withdrawn status Lost status Damaged status Not for loan Home library Current library Date acquired Cost, normal purchase price Total Checkouts Full call number Barcode Date last seen Cost, replacement price Price effective from Koha item type
        Hirachand Nemchand Wachanalaya, Solapur Hirachand Nemchand Wachanalaya, Solapur 11/21/2015 105.00   HNW-1161 HNW-1161 11/21/2015 105.00 11/21/2015 Book